000 01135nam a2200325 i 4500
003 EG-GICUC
005 20260408201121.0
008 260408s1973 fr |||fr|||| 00| 0 fre d
040 _aEG-GiCUC
_bfre
_cEG-GiCUC
_dEG-GiCUC
_eRda
082 0 4 _221
_a343.6
_bNA . A
092 0 4 _221
099 _aLaw1 10 343.6 NA . A 1973
100 1 _aNajarian, Krikor
_eAuteur
245 1 3 _aL'autorité De La Chose Jugée Au Criminel Sur Le Criminel /
_cKrikor Najarian, Préface De Robert Vouin.
264 1 _aParis :
_bAirie Générale De Droit Et De Jurisprudence,
_c1973.
264 3 _aFrance :
_bImprimerie R. Vançon,
300 _a320 page;
_c 24 cm.
336 _2rda contenu
_a texte
337 _2rda medias
_aOrdinateur
338 _2 transporteur rda
_a Ressource en ligne
490 _aBibliothèque De Sciences Criminelles;
_vTome Xvi
504 _aBibliography: pages 295-298.
650 1 _aCriminologie
_2qrmak
650 1 _aDroit De Panél
_2qrmak
651 1 _2qrmak
700 1 _aVouin,De Robert
_ePréfacier
856 4 0 _uhttps://fll.law.cu.edu.eg/fulltext/bks/B10-08646.pdf
905 _a54
942 _2ddc
_cBK
_e21
_n0
999 _c69785
_d69785